| 000 | 00822nas a22002297a 4500 | ||
|---|---|---|---|
| 005 | 20260526172344.0 | ||
| 008 | 260521b19851995pormr|j| |||| 00| z por d | ||
| 040 | _cBR-ViAPE | ||
| 245 | _aNossa | ||
| 260 |
_aColatina _bEditora Princesa do Norte _c1985-1995 |
||
| 300 |
_av. _bil. |
||
| 310 | _aMensal | ||
| 362 | _aAno 3, n. 11 (jan. fev.1985) - ano 13, n. 85 (dez. 1995). | ||
| 500 | _aDisponibilizada apenas a imagem da capa na versão digital, em virtude de restrições de direitos autorais. | ||
| 500 | _aColeção incompleta: disponíveis apenas alguns números do periódico. | ||
| 650 |
_xMunicípios _xEconomia _zEspírito Santo |
||
| 651 |
_aEspírito Santo (Brasil) _vPeriódicos |
||
| 700 |
_aMaduro, Luiz Carlos _eDiretor |
||
| 710 | _aEditora Princesa do Norte | ||
| 942 |
_2ddc _cPER _n1 |
||
| 999 |
_c707 _d707 |
||